[Event "Mercredi 2019.11.13 ABCD"]
[Site "Montreal CAN"]
[Date "2019.11.13"]
[Round "1"]
[White "Tremblay, Alain"]
[Black "Nunez-Painchaud, Raphael"]
[Result "1-0"]
[WhiteElo "2117"]
[BlackElo "2174"]
[PlyCount "71"]
[EventDate "2019.11.13"]
[EventType "swiss"]
[EventRounds "5"]
[EventCountry "CAN"]

1. e4 c5 2. Nf3 Nc6 3. d4 cxd4 4. Nxd4 Nf6 5. Nc3 e5 6. Ndb5 d6 7. Bg5 a6 8.
Na3 b5 9. Nd5 Be7 10. Bxf6 Bxf6 11. c3 O-O 12. Nc2 Rb8 13. Bd3 Be6 14. Nce3 a5
15. O-O Bg5 16. Qe2 Bxe3 17. Nxe3 b4 18. Rfd1 Qe7 19. Rd2 Rfc8 20. Ba6 Rc7 21.
Qd3 bxc3 22. bxc3 Qd8 23. Rad1 g6 24. h3 Rd7 25. Bb5 Qb6 26. a4 Kg7 27. Nd5 Qc5
28. Qf3 h6 29. h4 h5 30. Qf6+ Kg8 31. Bxc6 Qxc6 32. Ne7+ Rxe7 33. Qxe7 Qxa4 34.
Rxd6 Kg7 35. Qg5 Qb5 36. Rxe6 1-0

[Event "Mercredi 2019.11.13 ABCD"]
[Site "Montreal CAN"]
[Date "2019.11.20"]
[Round "2"]
[White "Alcantara, Maximo jr"]
[Black "Baran, Marius"]
[Result "1-0"]
[WhiteElo "1676"]
[BlackElo "1714"]
[PlyCount "127"]
[EventDate "2019.11.13"]
[EventType "swiss"]
[EventRounds "5"]
[EventCountry "CAN"]

1. Nf3 Nf6 2. d4 e6 3. g3 c5 4. c3 Nc6 5. Bg2 Be7 6. O-O O-O 7. Re1 d5 8. Nbd2
Bd7 9. Nb3 b6 10. Bg5 Ne4 11. Bxe7 Qxe7 12. e3 Rfd8 13. Nfd2 Nxd2 14. Nxd2 Rac8
15. a3 Be8 16. f4 f6 17. Qf3 f5 18. Qf2 Bh5 19. Bf3 Bxf3 20. Qxf3 Rf8 21. Re2
Rf6 22. Rg2 Rg6 23. Re1 Rf8 24. Kh1 Nb8 25. g4 fxg4 26. Rxg4 Rxg4 27. Qxg4 Rf6
28. Qh4 Rf7 29. Qxe7 Rxe7 30. Nf3 Nd7 31. Ne5 Nxe5 32. dxe5 Kf7 33. Kg2 Kg6 34.
Kf3 Rd7 35. Rg1+ Kf7 36. Rd1 Ke7 37. h4 g6 38. Kg4 Kf7 39. h5 Kg7 40. hxg6 Kxg6
41. Kf3 h5 42. Rg1+ Kh6 43. Rd1 Rg7 44. e4 dxe4+ 45. Kxe4 Kg6 46. Rd6 Kf7 47.
Rd7+ Kg6 48. Rd2 h4 49. Rg2+ Kf7 50. Rxg7+ Kxg7 51. Kf3 Kg6 52. Kg4 h3 53. Kxh3
Kf5 54. Kg3 c4 55. Kf3 b5 56. Ke3 a5 57. Kf3 Kg6 58. Ke4 Kf7 59. f5 exf5+ 60.
Kxf5 Ke7 61. e6 a4 62. Ke5 Ke8 63. Kd6 Kd8 64. Kc5 1-0

[Event "Mercredi 2019.11.13 ABCD"]
[Site "Montreal CAN"]
[Date "2019.11.20"]
[Round "2"]
[White "Destree, Frederic"]
[Black "Fortin-Lavoie, Patrice"]
[Result "0-1"]
[WhiteElo "1848"]
[BlackElo "1845"]
[PlyCount "76"]
[EventDate "2019.11.13"]
[EventType "swiss"]
[EventRounds "5"]
[EventCountry "CAN"]

1. Nf3 d5 2. g3 Nc6 3. d4 Bf5 4. Bg2 e6 5. O-O Nf6 6. c4 Be7 7. Nc3 O-O 8. b3
Nb4 9. a3 Na6 10. c5 c6 11. Nh4 b6 12. Nxf5 exf5 13. b4 bxc5 14. bxc5 Ne4 15.
Qc2 Bf6 16. e3 Naxc5 17. Nxe4 Nxe4 18. Qxc6 Rc8 19. Qa6 Qd7 20. a4 Rc6 21. Qb5
a6 22. Qd3 h5 23. Ba3 Rfc8 24. Bb4 h4 25. f3 Nd6 26. Bh3 hxg3 27. hxg3 g6 28.
e4 dxe4 29. fxe4 Nxe4 30. Qxe4 Bxd4+ 31. Kh1 Bxa1 32. Rxa1 Rc4 33. Qe1 Qb7+ 34.
Bg2 Qxb4 35. Qxb4 Rxb4 36. Bf1 a5 37. Bb5 Rc2 38. Kg1 Rc3 0-1

[Event "Mercredi 2019.11.13 ABCD"]
[Site "Montreal CAN"]
[Date "2019.11.20"]
[Round "2"]
[White "Gates, Claude-Eric"]
[Black "Beaulieu, Pierre"]
[Result "0-1"]
[WhiteElo "1860"]
[BlackElo "1926"]
[PlyCount "102"]
[EventDate "2019.11.13"]
[EventType "swiss"]
[EventRounds "5"]
[EventCountry "CAN"]

1. d4 Nf6 2. Nf3 g6 3. Nc3 Bg7 4. e4 d6 5. Bf4 Bg4 6. h3 Bxf3 7. Qxf3 c6 8. Bc4
O-O 9. O-O-O b5 10. Be2 b4 11. Na4 Nbd7 12. e5 dxe5 13. Bxe5 Nxe5 14. dxe5 Nd5
15. Qg3 Qa5 16. b3 Nc3 17. Nxc3 bxc3 18. Kb1 Bxe5 19. Qe3 Qa3 20. Qc1 Qb4 21.
a3 Qc5 22. f4 Bf6 23. Ka2 a5 24. a4 Qf2 25. Bf3 Rac8 26. Rhe1 Qb6 27. Qe3 c5
28. Be2 Bd4 29. Qd3 Rfd8 30. Qc4 Qc7 31. Bg4 e6 32. Rf1 Bg7 33. g3 Rd2 34. Kb1
Rcd8 35. Kc1 h5 36. Bf3 h4 37. gxh4 R8d4 38. Qb5 Qxf4 39. Rxd2 cxd2+ 40. Kd1
Rd8 41. Qxa5 Qd6 42. c3 Qd3 43. Qb5 Qb1+ 44. Ke2 d1=Q+ 45. Rxd1 Qxd1+ 46. Kf2
Qd2+ 47. Be2 Bxc3 48. Qc4 Rd5 49. Qb5 Rf5+ 50. Kg2 Qe3 51. Bf1 Qf2+ 0-1

[Event "Mercredi 2019.11.13 ABCD"]
[Site "Montreal CAN"]
[Date "2019.11.20"]
[Round "2"]
[White "Gauthier, Luc"]
[Black "Allaire, Denis"]
[Result "1/2-1/2"]
[WhiteElo "1627"]
[BlackElo "1711"]
[PlyCount "76"]
[EventDate "2019.11.13"]
[EventType "swiss"]
[EventRounds "5"]
[EventCountry "CAN"]

1. e4 e5 2. f4 Nf6 3. Nc3 d6 4. Nf3 exf4 5. d4 Nh5 6. Bc4 g6 7. O-O Bg7 8. Ne2
Be6 9. Bxe6 fxe6 10. Nxf4 Nxf4 11. Bxf4 O-O 12. Bg5 Qd7 13. Qe2 Nc6 14. c3 a6
15. Qe3 Rae8 16. Bh6 Nd8 17. e5 d5 18. Bxg7 Qxg7 19. Nd2 Rf5 20. g4 Rf7 21.
Rxf7 Nxf7 22. g5 h6 23. h4 hxg5 24. hxg5 Qh7 25. Qg3 Qh5 26. Nf3 Kg7 27. Kf2
Rf8 28. Ke3 Nd8 29. Rg1 Rf5 30. Qg2 Nf7 31. Qg3 Qh8 32. Qg2 Qd8 33. Qg4 b6 34.
Qh4 c5 35. Rh1 Qg8 36. Qg4 Qd8 37. Qh4 Qg8 38. Qg4 Qd8 1/2-1/2

[Event "Mercredi 2019.11.13 ABCD"]
[Site "Montreal CAN"]
[Date "2019.11.20"]
[Round "2"]
[White "Hernandez, Juan Felipe"]
[Black "Kozlov, Guennadi"]
[Result "0-1"]
[WhiteElo "1786"]
[BlackElo "1820"]
[PlyCount "80"]
[EventDate "2019.11.13"]
[EventType "swiss"]
[EventRounds "5"]
[EventCountry "CAN"]

1. e4 e6 2. d4 d5 3. e5 c5 4. c3 Nc6 5. Nf3 Qb6 6. a3 c4 7. Nbd2 Na5 8. g3 Bd7
9. h4 Nh6 10. Bh3 g6 11. O-O Bg7 12. Re1 Nf5 13. Nf1 h5 14. Ne3 Nb3 15. Rb1
Nxc1 16. Qxc1 Bh6 17. Qd1 Bxe3 18. Bxf5 Bxf2+ 19. Kxf2 exf5 20. Ng5 O-O 21. Qf3
Be6 22. Qf4 Kg7 23. Re2 Qc6 24. Rbe1 b5 25. Nf3 a5 26. Qg5 Rab8 27. Qf6+ Kg8
28. Ng5 Qd7 29. Ke3 b4 30. axb4 axb4 31. Kf4 bxc3 32. bxc3 Rb3 33. Re3 Rfb8 34.
Nxe6 Qxe6 35. Kg5 Kh7 36. Qxe6 fxe6 37. Kf6 R3b6 38. Ra1 Rf8+ 39. Kg5 Rf7 40.
Ra8 f4 0-1

[Event "Mercredi 2019.11.13 ABCD"]
[Site "Montreal CAN"]
[Date "2019.11.20"]
[Round "2"]
[White "Lewicki, Philip"]
[Black "Barko, Maxim"]
[Result "1/2-1/2"]
[WhiteElo "1813"]
[BlackElo "1838"]
[PlyCount "115"]
[EventDate "2019.11.13"]
[EventType "swiss"]
[EventRounds "5"]
[EventCountry "CAN"]

1. Nf3 c5 2. b3 Nc6 3. Bb2 d6 4. d3 e5 5. Nbd2 g6 6. e4 Bg7 7. Be2 Nge7 8. O-O
O-O 9. a4 h6 10. Nc4 b6 11. Nfd2 Nd4 12. c3 Nxe2+ 13. Qxe2 d5 14. Ne3 Re8 15.
Rad1 Bb7 16. f3 d4 17. cxd4 exd4 18. Nec4 Nd5 19. Qf2 Ne3 20. f4 Nxd1 21. Rxd1
Qd7 22. h3 Kh7 23. Nf3 f6 24. Kh2 Qc7 25. g3 Rad8 26. Nh4 Ba6 27. Bc1 Bxc4 28.
bxc4 Qd7 29. Qc2 f5 30. e5 Qc6 31. Rf1 Bf8 32. Nf3 Re6 33. Kg2 Be7 34. h4 h5
35. Kf2 a6 36. Bd2 Rb8 37. Rb1 b5 38. Qb3 Rb7 39. Ba5 Qd7 40. Rb2 Kg7 41. Rb1
Rc6 42. Nd2 Rc8 43. cxb5 axb5 44. axb5 Bd8 45. Bxd8 Qxd8 46. Nc4 Qd5 47. Qa4
Rbb8 48. Rb2 Qh1 49. Qb3 Ra8 50. Rb1 Ra2+ 51. Nb2 Qh2+ 52. Kf3 Rca8 53. Qe6
Rxb2 54. Qf6+ Kh6 55. Qg5+ Kg7 56. Qf6+ Kh6 57. Qg5+ Kg7 58. Qf6+ 1/2-1/2

[Event "Mercredi 2019.11.13 ABCD"]
[Site "Montreal CAN"]
[Date "2019.11.20"]
[Round "2"]
[White "Mangahas, Ronald"]
[Black "Templonuevo, Mark Geryl"]
[Result "0-1"]
[WhiteElo "1929"]
[BlackElo "1929"]
[PlyCount "74"]
[EventDate "2019.11.13"]
[EventType "swiss"]
[EventRounds "5"]
[EventCountry "CAN"]

1. e4 e5 2. Nf3 Nc6 3. d4 exd4 4. Nxd4 Qf6 5. Be3 Bc5 6. c3 Nge7 7. Bc4 Ne5 8.
Be2 O-O 9. O-O d5 10. f4 Qh6 11. Qd2 Ng4 12. Bxg4 Bxg4 13. e5 Bb6 14. Qf2 Bd7
15. Nd2 c5 16. N4b3 c4 17. Nd4 f5 18. N2f3 Qh5 19. Ng5 h6 20. Ngf3 Qf7 21. Rfe1
Bd8 22. e6 Bxe6 23. Nxe6 Qxe6 24. Bc5 Qf6 25. Nd4 Rc8 26. Re6 Qf7 27. Bd6 Nc6
28. Rae1 Nxd4 29. cxd4 Ba5 30. R1e3 Rfe8 31. Qe2 Rxe6 32. Rxe6 Bb6 33. Re7 Qf6
34. Re8+ Kh7 35. Bc5 Rxe8 36. Qxe8 Bxc5 37. dxc5 Qd4+ 0-1

[Event "Mercredi 2019.11.13 ABCD"]
[Site "Montreal CAN"]
[Date "2019.11.20"]
[Round "2"]
[White "Nardone, Raul"]
[Black "Adam, Rafael"]
[Result "1-0"]
[WhiteElo "1775"]
[BlackElo "1730"]
[PlyCount "77"]
[EventDate "2019.11.13"]
[EventType "swiss"]
[EventRounds "5"]
[EventCountry "CAN"]

1. c4 c5 2. Nc3 Nc6 3. g3 Nf6 4. Bg2 e6 5. d3 Be7 6. Nf3 O-O 7. O-O d5 8. cxd5
exd5 9. d4 c4 10. Bf4 Be6 11. Rc1 a6 12. Ne5 Rc8 13. Nxc6 Rxc6 14. Re1 b5 15.
e4 dxe4 16. Nxe4 Nd5 17. Bd2 Rc8 18. Qe2 Re8 19. Qh5 h6 20. Bh3 Bxh3 21. Qxh3
Bb4 22. Nc3 Bf8 23. Rxe8 Qxe8 24. Nxd5 Rd8 25. Re1 Qc6 26. Nf4 Rxd4 27. Bc3 Rd8
28. Qg2 Qd7 29. a3 Be7 30. Qe4 Bf8 31. Kg2 Qc7 32. Re2 Rd1 33. Rd2 Rc1 34. Nd5
Qc8 35. Re2 Bc5 36. Qe8+ Qxe8 37. Rxe8+ Kh7 38. Rc8 Bd6 39. Rc6 1-0

[Event "Mercredi 2019.11.13 ABCD"]
[Site "Montreal CAN"]
[Date "2019.11.20"]
[Round "2"]
[White "Nesterov, Timour"]
[Black "Tremblay, Alain"]
[Result "0-1"]
[WhiteElo "1953"]
[BlackElo "2117"]
[PlyCount "50"]
[EventDate "2019.11.13"]
[EventType "swiss"]
[EventRounds "5"]
[EventCountry "CAN"]

1. d4 e6 2. Nf3 Nf6 3. g3 b6 4. Bg2 Bb7 5. c4 Bb4+ 6. Bd2 Be7 7. Nc3 O-O 8. Qc2
c5 9. e3 Nc6 10. O-O d5 11. cxd5 Nxd5 12. Nxd5 Qxd5 13. e4 Qh5 14. Be3 Nb4 15.
Qb1 Ba6 16. Ne5 cxd4 17. Bxd4 Bxf1 18. Bxf1 Bf6 19. f4 Bxe5 20. Bxe5 Rfd8 21.
Bc3 Qc5+ 22. Kh1 Rac8 23. a3 Nc6 24. Qe1 Nd4 25. Rc1 Nf3 0-1

[Event "Mercredi 2019.11.13 ABCD"]
[Site "Montreal CAN"]
[Date "2019.11.20"]
[Round "2"]
[White "Nunez-Painchaud, Raphael"]
[Black "Lopez Linares, Lizandro"]
[Result "1/2-1/2"]
[WhiteElo "2174"]
[BlackElo "2225"]
[PlyCount "134"]
[EventDate "2019.11.13"]
[EventType "swiss"]
[EventRounds "5"]
[EventCountry "CAN"]

1. d4 Nf6 2. c4 c5 3. d5 b5 4. cxb5 a6 5. Nc3 g6 6. bxa6 Bxa6 7. g3 d6 8. Bg2
Bg7 9. Nf3 O-O 10. O-O Nbd7 11. Qc2 Qb8 12. Rd1 Qa7 13. h3 Rfb8 14. Rb1 Ne8 15.
b3 Rb7 16. Bf1 Rab8 17. Be3 Nc7 18. a3 Qa8 19. Bd2 Ra7 20. Bg5 Bxc3 21. Qxc3
Nxd5 22. Qd2 Bb7 23. a4 N5f6 24. Qe3 Be4 25. Rbc1 Re8 26. Nd2 Bb7 27. Nc4 Qb8
28. Na3 Bc6 29. Bg2 Bxg2 30. Kxg2 Qb7+ 31. Kg1 Qe4 32. Nb5 Rb7 33. f3 Qe6 34.
Qxe6 fxe6 35. e4 e5 36. Kf2 Kg7 37. Bxf6+ Kxf6 38. f4 Ke6 39. Ke3 Nf6 40. Rc2
Reb8 41. g4 exf4+ 42. Kxf4 Nd7 43. Rc3 Ne5 44. Kg3 Rxb5 45. axb5 Rxb5 46. h4
Rb4 47. Re3 Rb8 48. Ra1 Nc6 49. Kf4 h6 50. Ra6 Nd4 51. e5 Kd5 52. Ra7 Rf8+ 53.
Kg3 Nc6 54. Rc7 Nxe5 55. Rxe7 Rf6 56. Kh3 Kd4 57. Rg3 g5 58. hxg5 hxg5 59. Rg7
Ng6 60. Rg1 Ke3 61. Rg3+ Ke2 62. Ra7 Nf4+ 63. Kh2 Rh6+ 64. Kg1 Nh3+ 65. Kg2
Nf4+ 66. Kg1 Nh3+ 67. Kg2 Nf4+ 1/2-1/2

[Event "Mercredi 2019.11.13 ABCD"]
[Site "Montreal CAN"]
[Date "2019.11.20"]
[Round "2"]
[White "Tsukerman, Julia"]
[Black "Latorre, Vincent"]
[Result "1-0"]
[WhiteElo "1854"]
[BlackElo "1905"]
[PlyCount "65"]
[EventDate "2019.11.13"]
[EventType "swiss"]
[EventRounds "5"]
[EventCountry "CAN"]

1. e4 c5 2. Nf3 d6 3. d4 cxd4 4. Nxd4 Nf6 5. Nc3 g6 6. Be3 Bg7 7. f3 Nc6 8. Qd2
O-O 9. O-O-O d5 10. Nxc6 bxc6 11. Bh6 e6 12. h4 Bb7 13. e5 Nd7 14. h5 Qe7 15.
Bg5 Qe8 16. Bh6 Qe7 17. Bg5 Qe8 18. f4 a6 19. Qf2 f6 20. exf6 Nxf6 21. hxg6
hxg6 22. Qh4 Qf7 23. Rd3 Rfd8 24. Rdh3 Kf8 25. Bh6 Ke7 26. Qg5 Rh8 27. Bd3 Kd7
28. Na4 Nh7 29. Qxg6 Qxg6 30. Bxg6 Nf8 31. Bxg7 Rxh3 32. Rxh3 Nxg6 33. Nb6+ 1-0

[Event "Mercredi 2019.11.13 ABCD"]
[Site "Montreal CAN"]
[Date "2019.11.20"]
[Round "2"]
[White "Yu, Zong Yang"]
[Black "Have, Didier"]
[Result "1-0"]
[WhiteElo "2478"]
[BlackElo "2053"]
[PlyCount "75"]
[EventDate "2019.11.13"]
[EventType "swiss"]
[EventRounds "5"]
[EventCountry "CAN"]

1. d4 Nf6 2. c4 Nc6 3. Nf3 e6 4. g3 Bb4+ 5. Bd2 Bxd2+ 6. Qxd2 O-O 7. Bg2 d6 8.
Nc3 Ne7 9. O-O c6 10. e4 Ng6 11. Rad1 Qc7 12. h3 e5 13. d5 c5 14. Ne1 a6 15.
Nd3 Qa5 16. a4 Nd7 17. Kh2 Qc7 18. Ra1 Ne7 19. Rae1 f6 20. f4 Ng6 21. Re3 Re8
22. f5 Nh8 23. h4 Nf7 24. Bf3 Nf8 25. Be2 Bd7 26. g4 h6 27. Rg1 Nh7 28. Reg3
Reb8 29. Nf2 Qa5 30. Nh3 b5 31. axb5 axb5 32. g5 hxg5 33. hxg5 Bxf5 34. gxf6
Bxh3 35. Rxg7+ Kh8 36. Rxh7+ Kxh7 37. Rg7+ Kh8 38. Rxf7 1-0

[Event "Mercredi 2019.11.13 ABCD"]
[Site "Montreal CAN"]
[Date "2019.11.27"]
[Round "3"]
[White "Adam, Rafael"]
[Black "Gauthier, Luc"]
[Result "1-0"]
[WhiteElo "1730"]
[BlackElo "1627"]
[PlyCount "109"]
[EventDate "2019.11.13"]
[EventType "swiss"]
[EventRounds "5"]
[EventCountry "CAN"]

1. d4 d5 2. c4 Nc6 3. e3 e5 4. dxe5 d4 5. exd4 Qxd4 6. Qxd4 Nxd4 7. Bd3 Ne7 8.
Ne2 Nec6 9. Nxd4 Nxd4 10. Be3 Nf5 11. Bxf5 Bxf5 12. O-O O-O-O 13. b3 Be7 14.
Nc3 a6 15. Nd5 Ba3 16. Rad1 Rde8 17. f4 Re6 18. h3 h5 19. Bd4 c6 20. Ne3 Be4
21. Bb6 c5 22. Ba5 Bb2 23. Kh2 Bd4 24. Rfe1 f5 25. Nf1 g5 26. g3 gxf4 27. gxf4
Rg8 28. Ng3 Rxg3 29. Kxg3 Rg6+ 30. Kh4 Bf3 31. Rf1 Bxd1 32. Rxd1 b6 33. Bd2 Rg2
34. Kxh5 Rg3 35. h4 Rd3 36. Kg5 Be3 37. Bxe3 Rxd1 38. Kxf5 Kd7 39. Kf6 Rh1 40.
f5 Rxh4 41. e6+ Ke8 42. Bg5 Rg4 43. Kg6 Re4 44. Bh6 Rg4+ 45. Kh5 Rg2 46. f6
Rh2+ 47. Kg6 Rg2+ 48. Kh7 Rf2 49. f7+ Ke7 50. f8=Q+ Rxf8 51. Bxf8+ Kxf8 52. Kg6
Ke7 53. Kf5 b5 54. Ke5 bxc4 55. bxc4 1-0

[Event "Mercredi 2019.11.13 ABCD"]
[Site "Montreal CAN"]
[Date "2019.11.27"]
[Round "3"]
[White "Allaire, Denis"]
[Black "Alcantara, Maximo jr"]
[Result "1/2-1/2"]
[WhiteElo "1711"]
[BlackElo "1676"]
[PlyCount "146"]
[EventDate "2019.11.13"]
[EventType "swiss"]
[EventRounds "5"]
[EventCountry "CAN"]

1. e4 c6 2. d4 d5 3. exd5 cxd5 4. c4 e6 5. Nc3 Nf6 6. c5 Nc6 7. Nf3 b6 8. Bb5
Bd7 9. Bxc6 Bxc6 10. b4 bxc5 11. bxc5 Nd7 12. Bf4 Be7 13. O-O O-O 14. Re1 Bf6
15. Bd6 Re8 16. Rb1 Be7 17. Bg3 Bf6 18. Nb5 Bxb5 19. Rxb5 Nb8 20. Ne5 Bxe5 21.
Bxe5 Nc6 22. Bd6 Qh4 23. f4 Qf6 24. Be5 Nxe5 25. fxe5 Qd8 26. Qb3 f6 27. Rb7
fxe5 28. Qg3 Re7 29. Rxe7 Qxe7 30. Qxe5 Re8 31. c6 Qf6 32. Qe3 e5 33. dxe5 Qxc6
34. Qxa7 Rf8 35. Qd4 Ra8 36. Re2 Qc1+ 37. Kf2 Rf8+ 38. Kg3 Qg5+ 39. Qg4 Qe7 40.
h3 g6 41. Qd4 Rd8 42. Rf2 Rd7 43. Kh2 Qd8 44. a4 Rc7 45. Qb6 Rd7 46. Qxd8+ Rxd8
47. Rd2 Kf7 48. Kg3 Ke6 49. Kf4 h6 50. a5 Rf8+ 51. Ke3 Kxe5 52. a6 Ra8 53. Ra2
Ra7 54. g3 h5 55. Ra3 g5 56. Kd3 Rf7 57. Ra5 Ra7 58. Ke3 h4 59. g4 Kd6 60. Kd4
Ke6 61. Ra3 Kd6 62. Ra2 Kc6 63. Rf2 Re7 64. Rf6+ Kb5 65. Rf5 Kxa6 66. Rxg5 Re4+
67. Kd3 Ra4 68. Rxd5 Ra3+ 69. Ke2 Rxh3 70. Kf2 Rg3 71. Rd6+ Kb7 72. Rg6 Kc7 73.
g5 Kd7 1/2-1/2

[Event "Mercredi 2019.11.13 ABCD"]
[Site "Montreal CAN"]
[Date "2019.11.27"]
[Round "3"]
[White "Baran, Marius"]
[Black "Nardone, Raul"]
[Result "1/2-1/2"]
[WhiteElo "1714"]
[BlackElo "1775"]
[PlyCount "69"]
[EventDate "2019.11.13"]
[EventType "swiss"]
[EventRounds "5"]
[EventCountry "CAN"]

1. e4 c5 2. Nc3 a6 3. f4 b5 4. a3 Bb7 5. d3 e6 6. Nf3 d5 7. exd5 exd5 8. Be2
Nf6 9. O-O d4 10. Ne4 Be7 11. Nfg5 Nc6 12. Nxf6+ Bxf6 13. Bf3 O-O 14. Be4 g6
15. Qf3 Rc8 16. Qh3 Bxg5 17. fxg5 Rc7 18. Bf4 Re7 19. Qg3 Re6 20. Rf3 Qd7 21.
Raf1 Ne7 22. Be5 Rxe5 23. Qxe5 Bxe4 24. Qxe4 Nd5 25. Re1 Ne3 26. Rfxe3 dxe3 27.
Qxe3 Qd4 28. c3 Qd5 29. d4 cxd4 30. cxd4 Rc8 31. Qe5 Qc4 32. Re2 Rd8 33. h3
Qxd4+ 34. Qxd4 Rxd4 35. Kf2 1/2-1/2

[Event "Mercredi 2019.11.13 ABCD"]
[Site "Montreal CAN"]
[Date "2019.11.27"]
[Round "3"]
[White "Barko, Maxim"]
[Black "Destree, Frederic"]
[Result "0-1"]
[WhiteElo "1838"]
[BlackElo "1848"]
[PlyCount "84"]
[EventDate "2019.11.13"]
[EventType "swiss"]
[EventRounds "5"]
[EventCountry "CAN"]

1. d4 Nf6 2. Bg5 c5 3. e3 Qb6 4. Nc3 Qxb2 5. Nb5 Na6 6. Bxf6 exf6 7. c3 cxd4 8.
exd4 Be7 9. Bc4 d5 10. Rb1 Qxb1 11. Qxb1 dxc4 12. Ne2 O-O 13. O-O Bd7 14. a4
Bd8 15. Ng3 Ba5 16. Ne4 Rab8 17. Nxa7 b5 18. Nxb5 Nc7 19. Ned6 Bxc3 20. Qc2
Nxb5 21. axb5 Bb4 22. Nxc4 Bxb5 23. Qb3 Rfc8 24. Rc1 Bf8 25. Qa2 Ra8 26. Qb3
Bxc4 27. Qf3 Bd5 28. Qd1 Bb3 29. Qe2 Ra2 30. Qe3 Rxc1+ 31. Qxc1 Rc2 32. Qe1 g6
33. h4 Rb2 34. Qe8 Kg7 35. Qd8 Rb1+ 36. Kh2 Re1 37. h5 g5 38. f4 h6 39. fxg5
fxg5 40. Qc7 Be6 41. Qe5+ Kg8 42. Qc5 Bxc5 0-1

[Event "Mercredi 2019.11.13 ABCD"]
[Site "Montreal CAN"]
[Date "2019.11.27"]
[Round "3"]
[White "Fortin-Lavoie, Patrice"]
[Black "Hernandez, Juan Felipe"]
[Result "0-1"]
[WhiteElo "1845"]
[BlackElo "1786"]
[PlyCount "150"]
[EventDate "2019.11.13"]
[EventType "swiss"]
[EventRounds "5"]
[EventCountry "CAN"]

1. d4 Nf6 2. c4 e6 3. Nf3 d5 4. g3 dxc4 5. a4 c5 6. e3 Nc6 7. Bg2 cxd4 8. exd4
Bb4+ 9. Bd2 Bxd2+ 10. Qxd2 Ne4 11. Qc2 Qa5+ 12. Nc3 Nxc3 13. bxc3 Bd7 14. O-O
Rc8 15. Rfb1 Qc7 16. Qe2 Na5 17. Ne5 O-O 18. Rb4 f6 19. Nxd7 Qxd7 20. Rb5 b6
21. Bh3 Rce8 22. Re1 f5 23. Re5 g6 24. Bg2 Kf7 25. d5 Kf6 26. Rxe6+ Rxe6 27.
dxe6 Qd6 28. Rd1 Qxe6 29. Qd2 Re8 30. h4 Nb3 31. Qg5+ Kg7 32. h5 Nc5 33. Bd5
Qe5 34. h6+ Kf8 35. Rd4 Qe7 36. Qf4 Qe5 37. Qh4 Qe7 38. Bxc4 Qxh4 39. gxh4 Ke7
40. Bb5 Rd8 41. Rxd8 Kxd8 42. Bc4 Nxa4 43. Bg8 Nxc3 44. Bxh7 Ke7 45. Bxg6 Kf6
46. h7 Kg7 47. h5 a5 48. h6+ Kh8 49. Bxf5 a4 50. Kf1 a3 51. Be6 Kxh7 52. Ke1
Kxh6 53. Kd2 a2 54. Bxa2 Nxa2 55. Kc2 Nb4+ 56. Kb3 Nd5 57. Kc4 Nc7 58. Kd4 Kg5
59. Ke5 Kg6 60. f4 Kf7 61. Kf5 b5 62. Ke5 b4 63. Kd4 Na6 64. Kc4 Kf6 65. Kb3
Kf5 66. Kc4 Kxf4 67. Kb3 Ke3 68. Kc4 Kd2 69. Kb3 Kc1 70. Ka2 Kc2 71. Ka1 Nc5
72. Ka2 b3+ 73. Ka3 b2 74. Kb4 b1=Q+ 75. Kxc5 Kc3 0-1

[Event "Mercredi 2019.11.13 ABCD"]
[Site "Montreal CAN"]
[Date "2019.11.27"]
[Round "3"]
[White "Have, Didier"]
[Black "Nunez-Painchaud, Raphael"]
[Result "0-1"]
[WhiteElo "2053"]
[BlackElo "2174"]
[PlyCount "140"]
[EventDate "2019.11.13"]
[EventType "swiss"]
[EventRounds "5"]
[EventCountry "CAN"]

1. d4 Nf6 2. Nc3 d5 3. Bf4 e6 4. Nb5 Na6 5. a3 c6 6. Nc3 Bd6 7. e3 Nc7 8. Nf3
Bxf4 9. exf4 b6 10. Ne5 Bb7 11. Bd3 c5 12. Qf3 O-O 13. g4 cxd4 14. Ne2 Ba6 15.
Nxd4 Qd6 16. Qh3 Bxd3 17. Nxd3 Na6 18. O-O Nc5 19. Ne5 a6 20. g5 Nfd7 21. Nxd7
Nxd7 22. f5 e5 23. Ne2 Rac8 24. Rac1 Rc4 25. Ng3 Qe7 26. Qh5 Rfc8 27. f6 Qe6
28. fxg7 Qg4 29. Qh6 R8c6 30. Qh5 Qxh5 31. Nxh5 Rg4+ 32. Ng3 Kxg7 33. f4 exf4
34. Rxf4 Rxf4 35. Nh5+ Kg6 36. Nxf4+ Kxg5 37. Nxd5 b5 38. c3 Rd6 39. Ne3 Rd3
40. Rd1 Ne5 41. Rxd3 Nxd3 42. b4 Kf4 43. Nd5+ Ke4 44. Nc7 Nb2 45. Nxa6 Nc4 46.
Nc5+ Ke3 47. Nb3 Nxa3 48. Nc5 f5 49. Ne6 Nc2 50. Kf1 Kd3 51. Nc7 Na3 52. Nd5
Nb1 53. Kf2 Nxc3 54. Nc7 Kc4 55. Kf3 Nd5 56. Ne6 Kxb4 57. Nd4 Ne7 58. Kf4 Kc4
59. Nc2 Kc3 60. Na3 b4 61. Nb5+ Kd3 62. h4 b3 63. h5 b2 64. Na3 h6 65. Kf3 Nd5
66. Nb1 Kc2 67. Na3+ Kc1 68. Kg3 b1=Q 69. Nxb1 Kxb1 70. Kf3 Kc2 0-1

[Event "Mercredi 2019.11.13 ABCD"]
[Site "Montreal CAN"]
[Date "2019.11.27"]
[Round "3"]
[White "Kozlov, Guennadi"]
[Black "Lewicki, Philip"]
[Result "1-0"]
[WhiteElo "1820"]
[BlackElo "1813"]
[PlyCount "71"]
[EventDate "2019.11.13"]
[EventType "swiss"]
[EventRounds "5"]
[EventCountry "CAN"]

1. c4 Nf6 2. g3 g6 3. Bg2 Bg7 4. e3 O-O 5. Ne2 d6 6. d4 e5 7. O-O Nbd7 8. Nbc3
Rb8 9. b3 Re8 10. Bb2 h5 11. Qc2 h4 12. Rad1 Ng4 13. dxe5 Ndxe5 14. Nd4 c5 15.
Ndb5 h3 16. Bh1 Qf6 17. Qe2 Bd7 18. Rxd6 Qe7 19. Nd5 Qd8 20. Nf4 Qe7 21. Rfd1
Bc6 22. Nxh3 Rbd8 23. Rxd8 Rxd8 24. Bxc6 bxc6 25. Nc3 Qf6 26. f4 Rxd1+ 27. Nxd1
Qe6 28. fxe5 Bxe5 29. Bxe5 Nxe5 30. Nf4 Qd6 31. Nc3 g5 32. Ne4 Qh6 33. Qh5 Qxh5
34. Nxh5 Ng4 35. Nhf6+ Nxf6 36. Nxf6+ 1-0

[Event "Mercredi 2019.11.13 ABCD"]
[Site "Montreal CAN"]
[Date "2019.11.27"]
[Round "3"]
[White "Latorre, Vincent"]
[Black "Gates, Claude-Eric"]
[Result "0-1"]
[WhiteElo "1905"]
[BlackElo "1860"]
[PlyCount "86"]
[EventDate "2019.11.13"]
[EventType "swiss"]
[EventRounds "5"]
[EventCountry "CAN"]

1. e4 c5 2. Nf3 g6 3. c3 Nc6 4. d4 cxd4 5. cxd4 d5 6. e5 Bg4 7. Bb5 Qb6 8.
Bxc6+ Qxc6 9. Nc3 Bg7 10. h3 Bxf3 11. Qxf3 e6 12. Bg5 Qb6 13. Qe3 h6 14. Bf4
Ne7 15. O-O Nf5 16. Qd3 O-O 17. Rad1 Rac8 18. g4 Ne7 19. Qd2 Kh7 20. Be3 Nc6
21. f4 Ne7 22. Kh1 a6 23. Qg2 Rg8 24. Bc1 Qd8 25. Qf2 Rh8 26. Rd3 Kg8 27. Qg2
h5 28. f5 exf5 29. gxf5 Nxf5 30. Rxf5 gxf5 31. Rg3 Rh7 32. Bg5 Qf8 33. Nxd5 h4
34. Nf6+ Bxf6 35. Bxh4+ Bg7 36. Bf6 Kh8 37. Rg5 Rc6 38. Qd2 Bxf6 39. exf6 Rxf6
40. Qe3 Qd8 41. Qe5 Rxh3+ 42. Kg2 Rhh6 43. d5 Rhg6 0-1

[Event "Mercredi 2019.11.13 ABCD"]
[Site "Montreal CAN"]
[Date "2019.11.27"]
[Round "3"]
[White "Templonuevo, Mark Geryl"]
[Black "Tsukerman, Julia"]
[Result "1-0"]
[WhiteElo "1929"]
[BlackElo "1854"]
[PlyCount "73"]
[EventDate "2019.11.13"]
[EventType "swiss"]
[EventRounds "5"]
[EventCountry "CAN"]

1. c4 e6 2. d4 d5 3. g3 Nf6 4. Bg2 Be7 5. Nf3 O-O 6. O-O dxc4 7. Na3 a6 8. Nxc4
b6 9. Nfe5 Ra7 10. Be3 Nd5 11. Bd2 c5 12. e4 Nf6 13. dxc5 Bxc5 14. g4 b5 15.
Na5 Rc7 16. g5 Nfd7 17. Ng4 e5 18. Qe2 Nc6 19. Nxc6 Rxc6 20. Rac1 Bb7 21. h4
Bd4 22. Rxc6 Bxc6 23. Rc1 Qb6 24. Bb4 Re8 25. Qf3 Bxb2 26. Rc2 Bd4 27. Bh3 Qb7
28. Re2 Nc5 29. Nf6+ gxf6 30. gxf6 Kh8 31. Bf5 Nxe4 32. Rxe4 Rg8+ 33. Kh2 Rg4
34. Be7 Bxf2 35. Bg6 hxg6 36. Qxf2 Bxe4 37. Qd2 1-0

[Event "Mercredi 2019.11.13 ABCD"]
[Site "Montreal CAN"]
[Date "2019.11.27"]
[Round "3"]
[White "Tremblay, Alain"]
[Black "Yu, Zong Yang"]
[Result "0-1"]
[WhiteElo "2478"]
[BlackElo "2117"]
[PlyCount "68"]
[EventDate "2019.11.13"]
[EventType "swiss"]
[EventRounds "5"]
[EventCountry "CAN"]

1. c4 e6 2. e3 b6 3. Nf3 Bb7 4. d4 Nf6 5. Be2 d5 6. cxd5 exd5 7. O-O Bd6 8. Ne5
O-O 9. Nc3 c5 10. Bd3 Nc6 11. f4 cxd4 12. Nxc6 Bxc6 13. exd4 Re8 14. Bd2 Qd7
15. Rc1 b5 16. Ne2 Ne4 17. Ng3 Re7 18. Bxe4 dxe4 19. Nf5 Qxf5 20. Rxc6 Qd5 21.
Qc1 h6 22. Be3 Re6 23. a3 Kh7 24. Rc8 Rxc8 25. Qxc8 Qb3 26. Qc1 Re7 27. Qd2 b4
28. axb4 Bxb4 29. Qf2 Rc7 30. Qg3 Rc2 31. Qh3 Re2 32. Bc1 Qd5 33. Be3 Rxb2 34.
f5 Rb3 0-1